[Event "ODJM C 2023"]
[Site "Willingen GER"]
[Date "2023.06.02"]
[Round "8"]
[White "Wilke, Ronja"]
[Black "Schäfer, Amadeus"]
[Result "0-1"]
[Termination "normal"]
[Board "11"]
[WhiteElo "1145"]
[BlackElo "1274"]
[WhiteClock "00:45:18"]
[BlackClock "00:21:33"]
[PlyCount "130"]
[WhiteFideId "16288378"]
[BlackFideId "34660585"]
[EventCountry "GER"]
[EventRounds "9"]
[EventType "swiss"]
[EventDate "2023.05.27"]

1. e4 {[%clk 01:30:58]} {[%emt 00:00:01]} e6 {[%clk 01:30:55]} {[%emt
00:00:06]} 2. d4 {[%clk 01:30:57]} {[%emt 00:00:30]} d5 {[%clk 01:31:20]}
{[%emt 00:00:06]} 3. e5 {[%clk 01:30:58]} {[%emt 00:00:28]} c5 {[%clk
01:30:28]} {[%emt 00:01:22]} 4. c3 {[%clk 01:30:57]} {[%emt 00:00:30]} Qb6
{[%clk 01:30:46]} {[%emt 00:00:13]} 5. Nf3 {[%clk 01:30:05]} {[%emt 00:01:21]}
Bd7 {[%clk 01:30:56]} {[%emt 00:00:20]} 6. Be2 {[%clk 01:29:41]} {[%emt
00:00:54]} Bb5 {[%clk 01:29:36]} {[%emt 00:01:50]} 7. O-O {[%clk 01:28:58]}
{[%emt 00:01:13]} Bxe2 {[%clk 01:28:36]} {[%emt 00:01:30]} 8. Qxe2 {[%clk
01:29:17]} {[%emt 00:00:10]} Nc6 {[%clk 01:28:57]} {[%emt 00:00:09]} 9. Be3
{[%clk 01:28:48]} {[%emt 00:01:00]} cxd4 {[%clk 01:27:39]} {[%emt 00:01:48]}
10. cxd4 {[%clk 01:29:08]} {[%emt 00:00:09]} Nge7 {[%clk 01:27:38]} {[%emt
00:00:32]} 11. Nc3 {[%clk 01:28:18]} {[%emt 00:01:20]} Ng6 {[%clk 01:27:04]}
{[%emt 00:01:04]} 12. Rac1 {[%clk 01:21:27]} {[%emt 00:07:18]} Be7 {[%clk
01:25:48]} {[%emt 00:01:48]} 13. Rfd1 {[%clk 01:17:58]} {[%emt 00:03:59]} O-O
{[%clk 01:25:47]} {[%emt 00:00:32]} 14. a3 {[%clk 01:15:10]} {[%emt 00:03:19]}
a5 {[%clk 01:25:21]} {[%emt 00:00:56]} 15. Rc2 {[%clk 01:12:25]} {[%emt
00:03:13]} Qa6 {[%clk 00:55:10]} {[%emt 00:30:42]} 16. Nb5 {[%clk 01:10:36]}
{[%emt 00:02:19]} Rac8 {[%clk 00:54:12]} {[%emt 00:01:27]} 17. Nc3 {[%clk
01:09:16]} {[%emt 00:01:51]} Qxe2 {[%clk 00:51:42]} {[%emt 00:03:01]} 18. Nxe2
{[%clk 01:09:10]} {[%emt 00:00:35]} Na7 {[%clk 00:51:36]} {[%emt 00:00:35]} 19.
Rcc1 {[%clk 01:07:47]} {[%emt 00:01:54]} Rc6 {[%clk 00:51:14]} {[%emt
00:00:53]} 20. Bd2 {[%clk 01:06:47]} {[%emt 00:01:29]} a4 {[%clk 00:48:24]}
{[%emt 00:03:19]} 21. Nc3 {[%clk 01:03:38]} {[%emt 00:03:49]} b5 {[%clk
00:48:29]} {[%emt 00:00:24]} 22. g3 {[%clk 01:02:09]} {[%emt 00:02:00]} Rb8
{[%clk 00:48:18]} {[%emt 00:00:41]} 23. Na2 {[%clk 00:58:55]} {[%emt 00:03:44]}
Rbc8 {[%clk 00:46:49]} {[%emt 00:01:59]} 24. Kg2 {[%clk 00:55:12]} {[%emt
00:04:12]} Bf8 {[%clk 00:44:52]} {[%emt 00:02:28]} 25. Re1 {[%clk 00:51:37]}
{[%emt 00:04:05]} Rc4 {[%clk 00:40:10]} {[%emt 00:05:12]} 26. Bc3 {[%clk
00:49:39]} {[%emt 00:02:28]} Ne7 {[%clk 00:37:03]} {[%emt 00:03:38]} 27. Nd2
{[%clk 00:49:10]} {[%emt 00:00:57]} R4c7 {[%clk 00:35:23]} {[%emt 00:02:11]}
28. Nb4 {[%clk 00:48:08]} {[%emt 00:01:32]} Nec6 {[%clk 00:33:12]} {[%emt
00:02:41]} 29. Nc2 {[%clk 00:47:12]} {[%emt 00:01:25]} g6 {[%clk 00:33:00]}
{[%emt 00:00:43]} 30. Nf3 {[%clk 00:47:12]} {[%emt 00:00:30]} Nb8 {[%clk
00:26:47]} {[%emt 00:06:42]} 31. Ne3 {[%clk 00:46:34]} {[%emt 00:01:08]} Bxa3
{[%clk 00:23:29]} {[%emt 00:03:49]} 32. Rb1 {[%clk 00:44:59]} {[%emt 00:02:05]}
Bf8 {[%clk 00:20:04]} {[%emt 00:03:53]} 33. Ng4 {[%clk 00:43:41]} {[%emt
00:01:49]} Bg7 {[%clk 00:20:01]} {[%emt 00:00:34]} 34. Bb4 {[%clk 00:43:37]}
{[%emt 00:00:34]} h5 {[%clk 00:19:59]} {[%emt 00:00:30]} 35. Ne3 {[%clk
00:43:38]} {[%emt 00:00:26]} Bf8 {[%clk 00:19:57]} {[%emt 00:00:37]} 36. Ba5
{[%clk 00:43:28]} {[%emt 00:00:39]} Rc6 {[%clk 00:19:46]} {[%emt 00:00:41]} 37.
Ng1 {[%clk 00:42:02]} {[%emt 00:01:56]} Nd7 {[%clk 00:18:29]} {[%emt 00:01:48]}
38. Ne2 {[%clk 00:41:14]} {[%emt 00:01:18]} Nb6 {[%clk 00:17:55]} {[%emt
00:01:02]} 39. Rbc1 {[%clk 00:41:03]} {[%emt 00:00:43]} Nc4 {[%clk 00:17:39]}
{[%emt 00:00:45]} 40. Bc3 {[%clk 00:39:58]} {[%emt 00:01:28]} Bh6 {[%clk
00:17:19]} {[%emt 00:00:57]} 41. Kf3 {[%clk 00:39:47]} {[%emt 00:00:40]} g5
{[%clk 00:14:52]} {[%emt 00:02:59]} 42. Ng1 {[%clk 00:38:29]} {[%emt 00:01:42]}
g4+ {[%clk 00:12:52]} {[%emt 00:02:36]} 43. Kg2 {[%clk 00:38:28]} {[%emt
00:00:26]} Ra6 {[%clk 00:04:38]} {[%emt 00:08:48]} 44. Ra1 {[%clk 00:37:02]}
{[%emt 00:01:53]} Na5 {[%clk 00:04:16]} {[%emt 00:00:56]} 45. h3 {[%clk
00:35:32]} {[%emt 00:02:00]} Nb3 {[%clk 00:04:21]} {[%emt 00:00:25]} 46. Ra3
{[%clk 00:35:40]} {[%emt 00:00:19]} gxh3+ {[%clk 00:04:31]} {[%emt 00:00:23]}
47. Kxh3 {[%clk 00:35:45]} {[%emt 00:00:23]} Bg5 {[%clk 00:02:10]} {[%emt
00:02:50]} 48. Nf3 {[%clk 00:35:50]} {[%emt 00:00:27]} Be7 {[%clk 00:02:09]}
{[%emt 00:00:32]} 49. Ra2 {[%clk 00:35:52]} {[%emt 00:00:28]} b4 {[%clk
00:29:39]} {[%emt 00:03:00]} 50. Bd2 {[%clk 01:05:42]} {[%emt 00:00:36]} Nxd2
{[%clk 00:29:00]} {[%emt 00:01:12]} 51. Nxd2 {[%clk 01:05:57]} {[%emt
00:00:14]} Nb5 {[%clk 00:26:15]} {[%emt 00:03:17]} 52. Nf3 {[%clk 01:00:09]}
{[%emt 00:06:18]} a3 {[%clk 00:24:01]} {[%emt 00:02:43]} 53. bxa3 {[%clk
00:56:47]} {[%emt 00:03:52]} bxa3 {[%clk 00:23:56]} {[%emt 00:00:36]} 54. Nc2
{[%clk 00:55:26]} {[%emt 00:01:50]} Rac6 {[%clk 00:22:10]} {[%emt 00:02:16]}
55. Rc1 {[%clk 00:55:04]} {[%emt 00:00:52]} Nc3 {[%clk 00:20:20]} {[%emt
00:02:21]} 56. Rxa3 {[%clk 00:52:01]} {[%emt 00:03:33]} Bxa3 {[%clk 00:20:39]}
{[%emt 00:00:11]} 57. Nxa3 {[%clk 00:52:20]} {[%emt 00:00:10]} Ne4 {[%clk
00:19:51]} {[%emt 00:01:18]} 58. Rf1 {[%clk 00:51:09]} {[%emt 00:01:40]} Rc3
{[%clk 00:20:06]} {[%emt 00:00:16]} 59. Nb5 {[%clk 00:48:56]} {[%emt 00:02:44]}
Rxf3 {[%clk 00:20:19]} {[%emt 00:00:16]} 60. Kg2 {[%clk 00:48:46]} {[%emt
00:00:35]} Rb3 {[%clk 00:20:28]} {[%emt 00:00:24]} 61. Na7 {[%clk 00:48:39]}
{[%emt 00:00:39]} Rc2 {[%emt 00:02:05]} 62. Kg1 {[%clk 00:47:32]} {[%emt
00:00:01]} Rbb2 {[%clk 00:20:47]} {[%emt 00:00:13]} 63. g4 {[%clk 00:46:24]}
{[%emt 00:01:37]} Nxf2 {[%clk 00:20:57]} {[%emt 00:00:20]} 64. Rxf2 {[%clk
00:45:58]} {[%emt 00:00:55]} Rxf2 {[%clk 00:21:19]} {[%emt 00:00:10]} 65. Nb5
{[%clk 00:45:18]} {[%emt 00:01:10]} Rfc2 {[%clk 00:21:33]} {[%emt 00:00:15]}
0-1

[Event "ODJM C 2023"]
[Site "Willingen GER"]
[Date "2023.06.02"]
[Round "8"]
[White "Claussen, Daniela"]
[Black "Winkler, Frida"]
[Result "0-1"]
[Termination "normal"]
[Board "12"]
[WhiteElo "1043"]
[BlackElo "1280"]
[WhiteClock "00:49:11"]
[BlackClock "00:53:43"]
[PlyCount "106"]
[WhiteFideId "16248929"]
[BlackFideId "34622322"]
[EventCountry "GER"]
[EventRounds "9"]
[EventType "swiss"]
[EventDate "2023.05.27"]

1. b3 {[%clk 01:30:58]} d5 {[%clk 01:30:54]} {[%emt 00:00:07]} 2. e3 {[%clk
01:31:20]} {[%emt 00:00:08]} Nf6 {[%clk 01:30:37]} {[%emt 00:00:46]} 3. Bb2
{[%clk 01:31:38]} {[%emt 00:00:12]} Bf5 {[%clk 01:29:31]} {[%emt 00:01:36]} 4.
f4 {[%clk 01:31:32]} {[%emt 00:00:36]} e6 {[%clk 01:28:57]} {[%emt 00:01:03]}
5. Nf3 {[%clk 01:30:50]} {[%emt 00:01:13]} Nbd7 {[%clk 01:24:44]} {[%emt
00:04:44]} 6. d3 {[%clk 01:30:40]} {[%emt 00:00:41]} Bd6 {[%clk 01:24:51]}
{[%emt 00:00:22]} 7. Nbd2 {[%clk 01:30:24]} {[%emt 00:00:45]} O-O {[%clk
01:23:55]} {[%emt 00:01:27]} 8. e4 {[%clk 01:29:27]} {[%emt 00:01:27]} dxe4
{[%clk 01:23:59]} {[%emt 00:00:25]} 9. Ne5 {[%clk 01:24:34]} {[%emt 00:05:24]}
Bxe5 {[%clk 01:21:04]} {[%emt 00:03:25]} 10. fxe5 {[%clk 01:24:44]} {[%emt
00:00:20]} Ng4 {[%clk 01:19:58]} {[%emt 00:01:35]} 11. dxe4 {[%clk 01:22:30]}
{[%emt 00:02:44]} Ne3 {[%clk 01:19:47]} {[%emt 00:00:41]} 12. Qc1 {[%clk
01:20:13]} {[%emt 00:02:48]} Bg6 {[%clk 01:15:58]} {[%emt 00:04:18]} 13. Bd3
{[%clk 01:13:25]} {[%emt 00:07:19]} Nxg2+ {[%clk 01:15:24]} {[%emt 00:01:04]}
14. Kf2 {[%clk 01:11:31]} {[%emt 00:02:23]} Nf4 {[%clk 01:14:14]} {[%emt
00:01:40]} 15. Qf1 {[%clk 01:09:43]} {[%emt 00:02:19]} Nxd3+ {[%clk 01:12:14]}
{[%emt 00:02:31]} 16. Qxd3 {[%clk 01:09:47]} {[%emt 00:00:25]} Nc5 {[%clk
01:10:43]} {[%emt 00:02:01]} 17. Qe3 {[%clk 01:09:03]} {[%emt 00:01:14]} Qh4+
{[%clk 01:10:26]} {[%emt 00:00:47]} 18. Qg3 {[%clk 01:07:09]} {[%emt 00:02:24]}
Qxg3+ {[%clk 01:10:31]} {[%emt 00:00:25]} 19. Kxg3 {[%clk 01:07:08]} {[%emt
00:00:31]} Bxe4 {[%clk 01:08:50]} {[%emt 00:02:11]} 20. Nxe4 {[%clk 01:07:20]}
{[%emt 00:00:18]} Nxe4+ {[%clk 01:09:10]} {[%emt 00:00:10]} 21. Kg2 {[%clk
01:06:13]} {[%emt 00:01:37]} Rfd8 {[%clk 01:09:06]} {[%emt 00:00:33]} 22. Rhd1
{[%clk 01:05:52]} {[%emt 00:00:52]} Rac8 {[%clk 01:08:13]} {[%emt 00:01:23]}
23. Kf1 {[%clk 01:02:47]} {[%emt 00:03:34]} Rd2 {[%clk 01:06:41]} {[%emt
00:02:02]} 24. Rxd2 {[%clk 01:02:11]} {[%emt 00:01:07]} Nxd2+ {[%clk 01:07:01]}
{[%emt 00:00:10]} 25. Ke2 {[%clk 01:02:24]} {[%emt 00:00:16]} Ne4 {[%clk
01:06:46]} {[%emt 00:00:46]} 26. Rd1 {[%clk 01:01:56]} {[%emt 00:00:58]} c5
{[%clk 01:06:33]} {[%emt 00:00:42]} 27. c3 {[%clk 01:01:25]} {[%emt 00:01:02]}
f6 {[%clk 01:05:16]} {[%emt 00:01:46]} 28. Ke3 {[%clk 01:00:31]} {[%emt
00:01:25]} Ng5 {[%clk 01:03:06]} {[%emt 00:02:39]} 29. exf6 {[%clk 01:00:40]}
{[%emt 00:00:22]} gxf6 {[%clk 01:03:03]} {[%emt 00:00:32]} 30. Rg1 {[%clk
01:00:55]} {[%emt 00:00:14]} Kf8 {[%clk 01:01:59]} {[%emt 00:01:34]} 31. Rf1
{[%clk 01:00:08]} {[%emt 00:01:19]} f5 {[%clk 00:58:24]} {[%emt 00:04:05]} 32.
Rg1 {[%clk 00:58:10]} {[%emt 00:02:27]} Ne4 {[%clk 00:55:24]} {[%emt 00:03:29]}
33. c4 {[%clk 00:57:34]} {[%emt 00:01:07]} Rc7 {[%clk 00:55:14]} {[%emt
00:00:40]} 34. Rg2 {[%clk 00:56:13]} {[%emt 00:01:51]} a6 {[%clk 00:54:29]}
{[%emt 00:01:16]} 35. a4 {[%clk 00:56:20]} {[%emt 00:00:23]} Nd6 {[%clk
00:54:27]} {[%emt 00:00:32]} 36. Be5 {[%clk 00:56:32]} {[%emt 00:00:18]} Rd7
{[%clk 00:54:12]} {[%emt 00:00:45]} 37. Rd2 {[%clk 00:56:34]} {[%emt 00:00:28]}
Ke7 {[%clk 00:54:08]} {[%emt 00:00:33]} 38. h4 {[%clk 00:54:50]} {[%emt
00:02:14]} Nf7 {[%clk 00:53:49]} {[%emt 00:00:49]} 39. Bf6+ {[%clk 00:54:56]}
{[%emt 00:00:24]} Ke8 {[%clk 00:54:08]} {[%emt 00:00:12]} 40. Rxd7 {[%clk
00:54:53]} {[%emt 00:00:33]} Kxd7 {[%clk 00:54:25]} {[%emt 00:00:13]} 41. Kf4
{[%clk 00:55:12]} {[%emt 00:00:11]} Kc6 {[%clk 00:54:23]} {[%emt 00:00:32]} 42.
a5 {[%clk 00:55:09]} {[%emt 00:00:33]} b5 {[%clk 00:54:30]} {[%emt 00:00:21]}
43. h5 {[%clk 00:54:45]} {[%emt 00:00:55]} bxc4 {[%clk 00:53:25]} {[%emt
00:01:36]} 44. bxc4 {[%clk 00:55:03]} {[%emt 00:00:12]} h6 {[%clk 00:52:00]}
{[%emt 00:01:55]} 45. Be5 {[%clk 00:51:08]} {[%emt 00:04:25]} Nxe5 {[%clk
00:51:56]} {[%emt 00:00:34]} 46. Kxe5 {[%clk 00:51:30]} {[%emt 00:00:07]} Kd7
{[%clk 00:51:46]} {[%emt 00:00:40]} 47. Kf6 {[%clk 00:51:13]} {[%emt 00:00:48]}
f4 {[%clk 00:52:10]} {[%emt 00:00:06]} 48. Kg6 {[%clk 00:49:30]} {[%emt
00:02:13]} f3 {[%clk 00:52:33]} {[%emt 00:00:07]} 49. Kxh6 {[%clk 00:49:55]}
{[%emt 00:00:05]} f2 {[%clk 00:52:57]} {[%emt 00:00:06]} 50. Kg7 {[%clk
00:50:03]} {[%emt 00:00:22]} f1=Q {[%clk 00:53:17]} {[%emt 00:00:10]} 51. h6
{[%clk 00:50:22]} {[%emt 00:00:11]} Ke7 {[%clk 00:53:30]} {[%emt 00:00:16]} 52.
h7 {[%clk 00:48:54]} {[%emt 00:01:58]} Qf6 {[%clk 00:53:49]} {[%emt 00:00:12]}
53. Kg8 {[%clk 00:49:11]} {[%emt 00:00:13]} Qf8+ {[%clk 00:53:43]} {[%emt
00:00:05]} 0-1

[Event "ODJM C 2023"]
[Site "Willingen GER"]
[Date "2023.06.02"]
[Round "8"]
[White "Bücker, Phil"]
[Black "Kunst, Jannis"]
[Result "1-0"]
[Termination "normal"]
[Board "13"]
[WhiteElo "1325"]
[BlackElo "1364"]
[WhiteClock "00:02:53"]
[BlackClock "00:32:21"]
[PlyCount "95"]
[WhiteFideId "34623841"]
[BlackFideId "16299710"]
[EventCountry "GER"]
[EventRounds "9"]
[EventType "swiss"]
[EventDate "2023.05.27"]

1. d4 {[%clk 01:30:58]} {[%emt 00:00:02]} Nf6 {[%clk 01:30:55]} {[%emt
00:00:06]} 2. Nc3 {[%clk 01:31:21]} {[%emt 00:00:07]} d5 {[%clk 01:31:18]}
{[%emt 00:00:07]} 3. Bf4 {[%clk 01:31:46]} {[%emt 00:00:06]} a6 {[%clk
01:31:31]} {[%emt 00:00:18]} 4. e3 {[%clk 01:31:52]} {[%emt 00:00:23]} c5
{[%clk 01:31:54]} {[%emt 00:00:07]} 5. dxc5 {[%clk 01:29:35]} {[%emt 00:02:46]}
Qa5 {[%clk 01:32:18]} {[%emt 00:00:07]} 6. Nf3 {[%clk 01:27:22]} {[%emt
00:02:42]} Qxc5 {[%clk 01:32:16]} {[%emt 00:00:32]} 7. Bd3 {[%clk 01:14:01]}
{[%emt 00:13:51]} Bg4 {[%clk 01:32:27]} {[%emt 00:00:20]} 8. h3 {[%clk
01:12:50]} {[%emt 00:01:41]} Bxf3 {[%clk 01:32:33]} {[%emt 00:00:23]} 9. Qxf3
{[%clk 01:12:52]} {[%emt 00:00:28]} Nbd7 {[%clk 01:30:32]} {[%emt 00:02:31]}
10. O-O-O {[%clk 01:05:16]} {[%emt 00:08:06]} e6 {[%clk 01:30:45]} {[%emt
00:00:17]} 11. Rhe1 {[%clk 00:54:15]} {[%emt 00:11:30]} Be7 {[%clk 01:30:04]}
{[%emt 00:01:12]} 12. g4 {[%clk 00:41:39]} {[%emt 00:13:05]} h6 {[%clk
01:27:54]} {[%emt 00:02:39]} 13. h4 {[%clk 00:35:41]} {[%emt 00:06:29]} O-O-O
{[%clk 01:00:01]} {[%emt 00:28:24]} 14. Qe2 {[%clk 00:21:44]} {[%emt 00:14:26]}
Qc6 {[%clk 00:55:54]} {[%emt 00:04:38]} 15. f3 {[%clk 00:17:37]} {[%emt
00:04:36]} Nc5 {[%clk 00:55:29]} {[%emt 00:00:55]} 16. Be5 {[%clk 00:12:45]}
{[%emt 00:05:22]} Bd6 {[%clk 00:52:45]} {[%emt 00:03:14]} 17. Bxd6 {[%clk
00:10:18]} {[%emt 00:02:57]} Nxd3+ {[%clk 00:52:09]} {[%emt 00:01:07]} 18. Qxd3
{[%clk 00:10:26]} {[%emt 00:00:22]} Qxd6 {[%clk 00:50:58]} {[%emt 00:01:40]}
19. e4 {[%clk 00:09:31]} {[%emt 00:01:26]} Qf4+ {[%clk 00:51:10]} {[%emt
00:00:17]} 20. Qe3 {[%clk 00:07:02]} {[%emt 00:03:00]} Qxe3+ {[%emt 00:00:18]}
21. Rxe3 {[%clk 00:07:16]} {[%emt 00:00:15]} dxe4 {[%clk 00:51:41]} {[%emt
00:00:11]} 22. Nxe4 {[%clk 00:06:41]} {[%emt 00:01:05]} Rxd1+ {[%clk 00:50:48]}
{[%emt 00:01:23]} 23. Kxd1 {[%clk 00:07:03]} {[%emt 00:00:08]} Rd8+ {[%clk
00:51:12]} {[%emt 00:00:07]} 24. Ke2 {[%clk 00:06:36]} {[%emt 00:00:56]} Nd5
{[%clk 00:51:10]} {[%emt 00:00:32]} 25. Rb3 {[%clk 00:04:48]} {[%emt 00:02:17]}
b5 {[%clk 00:50:22]} {[%emt 00:01:19]} 26. Nc5 {[%clk 00:03:16]} {[%emt
00:02:02]} Nf4+ {[%clk 00:48:26]} {[%emt 00:02:24]} 27. Kf2 {[%clk 00:02:56]}
{[%emt 00:00:51]} Rd2+ {[%clk 00:46:35]} {[%emt 00:02:20]} 28. Ke3 {[%clk
00:02:21]} {[%emt 00:01:06]} Rxc2 {[%clk 00:46:49]} {[%emt 00:00:16]} 29. Nxa6
{[%clk 00:02:16]} {[%emt 00:00:36]} Nd5+ {[%clk 00:47:07]} {[%emt 00:00:12]}
30. Kd3 {[%clk 00:02:21]} {[%emt 00:00:25]} Rf2 {[%clk 00:46:47]} {[%emt
00:00:50]} 31. Ke4 {[%clk 00:01:33]} {[%emt 00:01:19]} Re2+ {[%clk 00:47:09]}
{[%emt 00:00:08]} 32. Kd3 {[%clk 00:01:49]} {[%emt 00:00:14]} Re3+ {[%clk
00:47:29]} {[%emt 00:00:10]} 33. Kc2 {[%clk 00:02:01]} {[%emt 00:00:17]} Rxb3
{[%clk 00:47:16]} {[%emt 00:00:42]} 34. Kxb3 {[%clk 00:02:22]} {[%emt
00:00:09]} Kb7 {[%clk 00:47:30]} {[%emt 00:00:15]} 35. Nc5+ {[%clk 00:02:41]}
{[%emt 00:00:13]} Kc6 {[%clk 00:47:45]} {[%emt 00:00:13]} 36. Nd3 {[%clk
00:02:48]} {[%emt 00:00:23]} f6 {[%clk 00:47:25]} {[%emt 00:00:51]} 37. Nb4+
{[%clk 00:03:06]} {[%emt 00:00:12]} Kc5 {[%clk 00:47:41]} {[%emt 00:00:11]} 38.
Nxd5 {[%clk 00:02:48]} {[%emt 00:00:52]} exd5 {[%clk 00:48:08]} {[%emt
00:00:02]} 39. Kc3 {[%clk 00:02:54]} {[%emt 00:00:25]} b4+ {[%clk 00:45:11]}
{[%emt 00:03:27]} 40. Kd3 {[%clk 00:03:06]} {[%emt 00:00:18]} g6 {[%clk
00:39:42]} {[%emt 00:05:59]} 41. a3 {[%clk 00:02:59]} {[%emt 00:00:37]} b3
{[%clk 00:37:02]} {[%emt 00:03:11]} 42. Kc3 {[%clk 00:03:17]} {[%emt 00:00:12]}
f5 {[%clk 00:35:51]} {[%emt 00:01:40]} 43. a4 {[%clk 00:01:17]} {[%emt
00:02:31]} fxg4 {[%clk 00:31:51]} {[%emt 00:04:30]} 44. fxg4 {[%clk 00:01:42]}
{[%emt 00:00:05]} d4+ {[%clk 00:31:21]} {[%emt 00:00:59]} 45. Kxb3 {[%clk
00:01:41]} {[%emt 00:00:31]} d3 {[%clk 00:31:29]} {[%emt 00:00:22]} 46. Kc3
{[%clk 00:02:05]} {[%emt 00:00:06]} d2 {[%clk 00:31:57]} {[%emt 00:00:02]} 47.
Kxd2 {[%clk 00:02:29]} {[%emt 00:00:06]} Kb4 {[%clk 00:32:21]} {[%emt
00:00:05]} 48. b3 {[%clk 00:02:53]} {[%emt 00:00:06]} 1-0

[Event "ODJM C 2023"]
[Site "Willingen GER"]
[Date "2023.06.02"]
[Round "8"]
[White "Kühne, Malin"]
[Black "Janssen, Julika"]
[Result "1/2-1/2"]
[Termination "normal"]
[Board "14"]
[WhiteElo "1162"]
[BlackElo "1286"]
[WhiteClock "00:11:18"]
[BlackClock "00:12:23"]
[PlyCount "69"]
[WhiteFideId "34619747"]
[BlackFideId "16287339"]
[EventCountry "GER"]
[EventRounds "9"]
[EventType "swiss"]
[EventDate "2023.05.27"]

1. e4 {[%clk 01:30:59]} e5 {[%clk 01:30:49]} {[%emt 00:00:10]} 2. Nf3 {[%clk
01:31:25]} {[%emt 00:00:05]} Nc6 {[%clk 01:31:10]} {[%emt 00:00:08]} 3. Bc4
{[%clk 01:31:52]} {[%emt 00:00:04]} Be7 {[%clk 01:29:03]} {[%emt 00:02:36]} 4.
O-O {[%clk 01:30:52]} {[%emt 00:01:31]} Nf6 {[%clk 01:29:07]} {[%emt 00:00:26]}
5. Nc3 {[%clk 01:30:17]} {[%emt 00:01:05]} O-O {[%clk 01:27:48]} {[%emt
00:01:49]} 6. d3 {[%clk 01:29:15]} {[%emt 00:01:31]} h6 {[%clk 01:26:14]}
{[%emt 00:02:05]} 7. h3 {[%clk 01:28:51]} {[%emt 00:00:54]} Bc5 {[%clk
01:25:33]} {[%emt 00:01:11]} 8. Na4 {[%clk 01:26:14]} {[%emt 00:03:08]} Bb6
{[%clk 01:23:44]} {[%emt 00:02:19]} 9. Nxb6 {[%clk 01:24:59]} {[%emt 00:01:44]}
axb6 {[%clk 01:23:57]} {[%emt 00:00:17]} 10. a3 {[%clk 01:23:14]} {[%emt
00:02:15]} d6 {[%clk 01:23:05]} {[%emt 00:01:22]} 11. Re1 {[%clk 01:18:44]}
{[%emt 00:04:59]} Ne7 {[%clk 01:22:31]} {[%emt 00:01:04]} 12. d4 {[%clk
01:15:37]} {[%emt 00:03:37]} Ng6 {[%clk 01:21:50]} {[%emt 00:01:10]} 13. Bd2
{[%clk 01:08:48]} {[%emt 00:07:20]} Re8 {[%clk 01:20:49]} {[%emt 00:01:31]} 14.
dxe5 {[%clk 01:06:33]} {[%emt 00:02:45]} dxe5 {[%clk 01:20:54]} {[%emt
00:00:25]} 15. Bc3 {[%clk 01:04:35]} {[%emt 00:02:28]} Bd7 {[%clk 01:19:38]}
{[%emt 00:01:45]} 16. Nd2 {[%clk 00:58:00]} {[%emt 00:07:06]} Qc8 {[%clk
01:16:20]} {[%emt 00:03:47]} 17. Kh2 {[%clk 00:53:48]} {[%emt 00:04:42]} Nh4
{[%clk 01:09:34]} {[%emt 00:07:14]} 18. Nf3 {[%clk 00:50:42]} {[%emt 00:03:39]}
Ng6 {[%clk 00:57:42]} {[%emt 00:12:21]} 19. Nd2 {[%clk 00:49:02]} {[%emt
00:02:10]} Nh4 {[%clk 00:50:25]} {[%emt 00:07:48]} 20. f3 {[%clk 00:45:18]}
{[%emt 00:04:14]} Nh5 {[%clk 00:43:43]} {[%emt 00:07:10]} 21. Bf1 {[%clk
00:42:30]} {[%emt 00:03:19]} Nxg2 {[%clk 00:40:47]} {[%emt 00:03:27]} 22. Kxg2
{[%clk 00:38:43]} {[%emt 00:04:17]} Nf4+ {[%clk 00:38:23]} {[%emt 00:02:54]}
23. Kf2 {[%clk 00:37:23]} {[%emt 00:01:50]} Bxh3 {[%clk 00:37:13]} {[%emt
00:01:40]} 24. Ke3 {[%clk 00:33:04]} {[%emt 00:04:48]} Bxf1 {[%clk 00:35:43]}
{[%emt 00:02:01]} 25. Rxf1 {[%clk 00:32:26]} {[%emt 00:01:08]} Qe6 {[%clk
00:34:16]} {[%emt 00:01:50]} 26. Rg1 {[%clk 00:28:06]} {[%emt 00:04:56]} b5
{[%clk 00:34:29]} {[%emt 00:00:18]} 27. Kf2 {[%clk 00:21:11]} {[%emt 00:07:25]}
Nh3+ {[%clk 00:34:25]} {[%emt 00:00:34]} 28. Ke2 {[%clk 00:21:00]} {[%emt
00:00:39]} Nf4+ {[%clk 00:33:58]} {[%emt 00:01:00]} 29. Kf1 {[%clk 00:18:16]}
{[%emt 00:03:14]} Qh3+ {[%clk 00:34:04]} {[%emt 00:00:21]} 30. Kf2 {[%clk
00:17:25]} {[%emt 00:01:23]} Re6 {[%clk 00:33:49]} {[%emt 00:00:37]} 31. Qf1
{[%clk 00:15:32]} {[%emt 00:02:29]} Qh2+ {[%clk 00:32:57]} {[%emt 00:01:19]}
32. Ke1 {[%clk 00:14:27]} {[%emt 00:01:40]} Qh4+ {[%clk 00:17:09]} {[%emt
00:16:11]} 33. Kd1 {[%clk 00:13:39]} {[%emt 00:01:25]} Raa6 {[%clk 00:12:23]}
{[%emt 00:05:11]} 34. Rg4 {[%clk 00:11:18]} {[%emt 00:02:55]} Qh2 {[%emt
00:09:16]} 35. Qe1 {[%emt 00:00:02]} 1/2-1/2